000 01147nam a22003017a 4500
001 7206
003 FISKH
005 20250702141120.0
008 250702b cb ||||| |||| 00| 0 eng d
020 _a078073002993
040 _aFISKH
_beng
_cFISKH
_dFISKH
050 _aPZ7.R7384
082 _a303
100 _aRowland, Della
245 _aClue Jr :
_bThe case of the missing movie /
_cBook created by Parker C.hinter ; Written by Della Rowland ; Illustrated by Sam Viviano ; Based on characters from the Parker Brothers game ; A creative Media Applications Production
250 _aThis edition first published in 1995
260 _aNew York :
_bScholastic,
_c1995
300 _a88 pages :
_billustrations ;
_c20 cm
505 _aL
520 _aThe Clue Club loves to solve mysteries. There are cases at school, the baseball field, and the park. Look for the clues in the stories or the pictures.
521 8 _a510
_bLexile
521 8 _aL
_bRaz-Plus
650 _2Mystery stories
_aJuvenile literature
650 _2Clue
_aLower Elementary
700 _aViviano, Sam
_dillustrator
942 _2ddc
_cBK
_n0
999 _c7206
_d7206